東方Project ネームドキャラ(Win版以降) - Statistics

General Stats
  • This quiz has been taken 237 times
    164 since last reset
  • The average score is 69 of 137
Answer Stats
初登場作品 キャラ名 % Correct
紅魔郷 博麗霊夢
95%
霧雨魔理沙
92%
レミリア・スカーレット
90%
十六夜咲夜
89%
フランドール・スカーレット
89%
チルノ
87%
魂魄妖夢
86%
紅美鈴
84%
パチュリー・ノーレッジ
84%
大妖精
83%
小悪魔
81%
八雲紫
81%
ルーミア
79%
西行寺幽々子
79%
八雲藍
78%
76%
藤原妹紅
76%
因幡てゐ
75%
蓬莱山輝夜
75%
東風谷早苗
75%
古明地さとり
75%
古明地こいし
75%
八意永琳
73%
文花帖(書籍) 射命丸文
73%
儚月抄 レイセン
73%
アリス・マーガトロイド
71%
鈴仙・優曇華院・イナバ
70%
萃夢想 伊吹萃香
70%
リリカ・プリズムリバー
68%
星蓮船 ナズーリン
68%
妖々夢 レティ・ホワイトロック
67%
香霖堂 森近霖之助
67%
四季映姫・ヤマザナドゥ
67%
河城にとり
67%
犬走椛
67%
洩矢諏訪子
67%
聖白蓮
67%
メルラン・プリズムリバー
65%
ルナサ・プリズムリバー
63%
三月精 サニーミルク
63%
小野塚小町
63%
八坂神奈子
63%
火焔猫燐
63%
霊烏路空
63%
茨歌仙 茨木華扇
63%
リリーホワイト
62%
永夜抄 リグル・ナイトバグ
62%
秋穣子
62%
封獣ぬえ
62%
星熊勇儀
60%
鍵山雛
59%
水橋パルスィ
59%
ルナチャイルド
57%
風神録 秋静葉
57%
比那名居天子
57%
上白沢慧音
56%
多々良小傘
56%
寅丸星
56%
雲居一輪
54%
蓮台野夜行 宇佐見蓮子
52%
スターサファイア
52%
地霊殿 キスメ
52%
物部布都
52%
風見幽香
51%
豊聡耳神子
51%
心綺楼 秦こころ
51%
ミスティア・ローレライ
49%
雲山
49%
村紗水蜜
49%
ダブルスポイラー 姫海棠はたて
49%
綿月豊姫
48%
二ッ岩マミゾウ
48%
少名針妙丸
48%
ヘカーティア・ラピスラズリ
48%
鈴奈庵 本居小鈴
46%
クラウンピース
46%
深秘録 宇佐見菫子
46%
摩多羅隠岐奈
46%
マエリベリー・ハーン
44%
黒谷ヤマメ
44%
鬼人正邪
44%
綿月依姫
43%
緋想天 永江衣玖
43%
霍青娥
43%
丁礼田舞
43%
依神紫苑
43%
蘇我屠自古
41%
純狐
41%
憑依華 依神女苑
41%
花映塚 メディスン・メランコリー
40%
神霊廟 幽谷響子
40%
輝針城 わかさぎ姫
38%
九十九弁々
38%
堀川雷鼓
38%
天空璋 エタニティラルバ
38%
剛欲異聞 饕餮尤魔
38%
宮古芳香
37%
赤蛮奇
37%
紺珠伝 清蘭
37%
鈴瑚
37%
爾子田里乃
37%
今泉影狼
35%
稀神サグメ
35%
高麗野あうん
35%
幺樂団の歴史1 稗田阿求
33%
驪駒早鬼
33%
九十九八橋
32%
ドレミー・スイート
32%
埴安神袿姫
32%
坂田ネムノ
29%
矢田寺成美
29%
庭渡久侘歌
29%
吉弔八千慧
29%
牛崎潤美
27%
天弓千亦
27%
杖刀偶磨弓
24%
酔蝶華 奥野田美宵
24%
虹龍洞 豪徳寺ミケ
24%
玉造魅須丸
24%
菅牧典
24%
日白残無
24%
封獣チミ
24%
鬼形獣 戎瓔花
22%
山城たかね
22%
飯綱丸龍
21%
姫虫百々世
21%
智霊奇伝 宮出口瑞霊
19%
豫母都日狭美
19%
駒草山如
17%
錦上京 塵塚ウバメ
17%
獣王園 孫美天
16%
三頭慧ノ子
16%
ユイマン・浅間
16%
天火人ちやり
14%
道神馴子
14%
渡里ニナ
14%
磐永阿梨夜
13%
No matching quizzes found
Score Distribution
Percent of People with Each Score
Percentile by Number Answered
Your Score History
You have not taken this quiz since the last reset